Adhunik bhasa bigyan parichoi (Record no. 2374)

MARC details
000 -LEADER
fixed length control field 00525cam a2200193ua 4500
008 - FIXED-LENGTH DATA ELEMENTS--GENERAL INFORMATION
fixed length control field 110824n ii |||gr||||Z||||||asm
020 ## - INTERNATIONAL STANDARD BOOK NUMBER
International Standard Book Number 81-7339-427-X
040 ## - CATALOGING SOURCE
Transcribing agency MAIN
082 ## - DEWEY DECIMAL CLASSIFICATION NUMBER
Classification number 410
100 1# - MAIN ENTRY--PERSONAL NAME
Personal name Dutta Baruah, Phanindra Narayan,
Relator term
245 1# - TITLE STATEMENT
Title Adhunik bhasa bigyan parichoi
Statement of responsibility, etc. by Phanindra narayan Dutta Baruah
250 ## - EDITION STATEMENT
Edition statement 1st.
260 ## - PUBLICATION, DISTRIBUTION, ETC.
Place of publication, distribution, etc. Dibrugarh:
Name of publisher, distributor, etc. Banalata,
Date of publication, distribution, etc. 2006.
300 ## - PHYSICAL DESCRIPTION
Extent 218p:
Other physical details ill;
Dimensions 23cm.
942 ## - ADDED ENTRY ELEMENTS (KOHA)
Koha item type Books
653 ## - INDEX TERM--UNCONTROLLED
Uncontrolled term Linguisties
653 ## - INDEX TERM--UNCONTROLLED
Uncontrolled term Adhunik bhasa bigyan parichoi
Holdings
Withdrawn status Lost status Damaged status Not for loan Home library Current library Shelving location Date acquired Total Checkouts Full call number Barcode Date last seen Date last checked out Copy number Price effective from Koha item type
        Central Library, Naharkatiya College Central Library, Naharkatiya College General Stacks 19/09/2020 3 410 | DUT 18164 22/02/2023 13/02/2023 1 19/09/2020 Books

Naharkatiya College © 2020. All rights reserved.

Powered By